| Tag |
First Indicator |
Second Indicator |
Subfields |
| LEADER |
00000cgm a22000003i 4500 |
| 001 |
in00003750331 |
| 006 |
m|||||o||c|||||||| |
| 007 |
cr |n||||||||a |
| 007 |
vz |za|z| |
| 008 |
150624s2008 nyu016 e |o vleng d |
| 005 |
20260324202842.9 |
| 035 |
|
|
|a (OCoLC)914262514
|
| 035 |
|
|
|a (VaAlASP)ASP2786744/cbsv
|
| 040 |
|
|
|a VaAlASP
|b eng
|e rda
|c VaAlASP
|d UtOrBLW
|
| 043 |
|
|
|a n-us---
|
| 245 |
0 |
0 |
|a 60 minutes.
|p The candidates :
|b McCain /
|c produced by Tom Anderson.
|
| 246 |
1 |
3 |
|a Sixty minutes.
|p The candidates :
|b McCain
|
| 246 |
1 |
0 |
|a Candidates :
|b McCain
|
| 264 |
|
1 |
|a New York, NY :
|b Columbia Broadcasting System,
|c 2008.
|
| 300 |
|
|
|a 1 online resource (16 min.)
|
| 306 |
|
|
|a 001554
|
| 336 |
|
|
|a two-dimensional moving image
|b tdi
|2 rdacontent
|
| 337 |
|
|
|a video
|b v
|2 rdamedia
|
| 337 |
|
|
|a computer
|b c
|2 rdamedia
|
| 338 |
|
|
|a other
|b vz
|2 rdacarrier
|
| 338 |
|
|
|a online resource
|b cr
|2 rdacarrier
|
| 347 |
|
|
|a data file
|2 rda
|
| 500 |
|
|
|a Title from resource description page (viewed June 24, 2015).
|
| 520 |
|
|
|a 60 Minutes meets with the 2008 Republican and Democratic Presidential candidates, Barack Obama and John McCain. This segment features Scott Pelley's interview with Republican John McCain.
|
| 546 |
|
|
|a In English.
|
| 600 |
1 |
0 |
|a McCain, John,
|d 1936-2018
|v Interviews.
|
| 650 |
|
0 |
|a Presidential candidates
|z United States
|v Interviews.
|
| 650 |
|
0 |
|a Presidents
|z United States
|x Election
|y 2008.
|0 http://id.loc.gov/authorities/subjects/sh2010105921
|
| 655 |
|
7 |
|a Internet videos.
|2 lcgft
|0 http://id.loc.gov/authorities/genreForms/gf2011026337
|
| 655 |
|
7 |
|a Television news programs.
|2 lcgft
|0 http://id.loc.gov/authorities/genreForms/gf2011026667
|
| 700 |
1 |
|
|a Anderson, Tom,
|e producer.
|0 http://id.loc.gov/authorities/names/n83177467
|
| 700 |
1 |
|
|a McCain, John,
|d 1936-2018
|e interviewee.
|0 http://id.loc.gov/authorities/names/nr91003214
|
| 700 |
1 |
|
|a Pelley, Scott,
|d 1957-
|e reporter.
|0 http://id.loc.gov/authorities/names/no2009116152
|
| 710 |
2 |
|
|a CBS News,
|e production company.
|0 http://id.loc.gov/authorities/names/n82221065
|
| 856 |
4 |
0 |
|u http://proxy.library.tamu.edu/login?url=https://www.aspresolver.com/aspresolver.asp?CBSV;2786744
|z Connect to this streaming video (Alexander Street Press)
|t 0
|
| 999 |
f |
f |
|s 0aeb6bba-b6bd-3d10-808a-61168aa44798
|i 68999327-c2cb-3bb9-8b92-b963af9e7de9
|t 0
|
| 952 |
f |
f |
|a Texas A&M University
|b College Station
|c Electronic Resources
|s www_evans
|d Available Online
|t 0
|h No information provided
|
| 998 |
f |
f |
|t 0
|l Available Online
|